European Union Countries - Statistics

General Stats
  • This quiz has been taken 122 times
  • The average score is 25 of 28
Answers on the Map
Answers color-coded by a green-red scale on the quiz's map according to % correct below.
 
Answer Stats
Answer % Correct
France
100%
Italy
97%
Germany
95%
Belgium
94%
Portugal
94%
Spain
94%
Ireland
93%
Austria
92%
Netherlands
92%
Luxembourg
91%
Poland
91%
Czech Republic
89%
Denmark
89%
Hungary
89%
Sweden
89%
United Kingdom
89%
Estonia
87%
Finland
87%
Greece
87%
Lithuania
87%
Latvia
86%
Bulgaria
85%
Romania
84%
Croatia
83%
Slovakia
82%
Slovenia
78%
Malta
77%
Cyprus
66%
No matching quizzes found
Score Distribution
Percent of People with Each Score
Percentile by Number Answered
Your Score History
You have not taken this quiz